000 00381nam a22001217a 4500
041 _aeng
082 _aDS 373.1260957164
100 _aDatta, Anjalee
245 _aConstruction And Standardization of An Attitude to Measure The Attitude of Class ix High School Students In Shillong Towards Science
260 _aShillong
_bNEHU
_c1979
300 _aV,41,p:
_c29cm.
942 _cTHES
999 _c182773
_d182772